| 000 | 00336nam a2200145Ia 4500 | ||
|---|---|---|---|
| 008 | 230917s9999||||xx |||||||||||||| ||und|| | ||
| 020 | _cGBP0.6 | ||
| 040 |
_e47517 _aMAIN |
||
| 041 | _aEnglish | ||
| 082 | _a822.33 S15R | ||
| 100 | _aShakespeare, William | ||
| 245 | 0 | _aRichard II | |
| 260 |
_aLondon _bMacmillan _c1975 |
||
| 942 | _cBK | ||
| 999 |
_c191734 _d191734 |
||